7直行先クイズ - Statistics

General Stats
  • This quiz has been taken 347 times
    325 since last reset
  • The average score is 32 of 37
Answer Stats
路線名
駅名
% Correct
副都心線 池袋
97%
横浜
95%
渋谷
94%
みなとみらい線 元町・中華街
94%
東上線 和光市
93%
新木場
93%
新横浜線 新横浜
93%
埼玉高速線 浦和美園
92%
海老名
92%
新宿三丁目
91%
南北線 赤羽岩淵
91%
所沢
90%
森林公園
90%
日吉
90%
菊名
90%
三田線 西高島平
90%
いずみ野線 湘南台
90%
小川町
89%
東横線 武蔵小杉
88%
川越市
88%
飯能
87%
目黒
87%
西武秩父
86%
高島平
86%
池袋線 石神井公園
85%
小手指
85%
元住吉
85%
志木
84%
相鉄本線 西谷
82%
有楽町線 豊洲
81%
白金高輪
81%
保谷
78%
鳩ケ谷
74%
清瀬
72%
目黒線 奥沢
67%
西武球場前
64%
駒込
62%
No matching quizzes found
Score Distribution
Percent of People with Each Score
Percentile by Number Answered
Your Score History
You have not taken this quiz since the last reset